000 00346nam a22001457a 4500
999 _c11483
_d11483
003 OSt
008 220826b ||||| |||| 00| 0 eng d
020 _a9789389423594
082 _a006.78 MOA
100 _aMOHAN,Mehul
245 _aAdvanced web Development with react
260 _aNew Delhi
_b2020
_c2020
300 _a189
942 _2ddc
_cBK
_02